[Event "Lympia Cyprus-ch op"]
[Site "Lympia"]
[Date "2020.01.19"]
[Round "5"]
[White "Markidou, Christianna"]
[Black "Sukhovenko, Maxim"]
[Result "1-0"]
[WhiteElo "1759"]
[BlackElo "1550"]
[PlyCount "81"]
[EventDate "2020.01.05"]
[EventType "swiss"]
[EventRounds "9"]
[EventCountry "CYP"]
[SourceTitle "CBM 194 Extra"]
[Source "ChessBase"]
[SourceDate "2020.03.31"]
[SourceVersion "1"]
[SourceVersionDate "2020.03.31"]
[SourceQuality "1"]

1. e4 c5 2. c4 Nc6 3. Nc3 d6 4. Nf3 Nf6 5. h3 g6 6. d4 cxd4 7. Nxd4 Bg7 8. Nxc6 bxc6 9. Bd3 0-0 10. 0-0 Rb8 11. Qc2 Nd7 12. Rb1 Ne5 13. Be2 Be6 14. b3 f5 15. f4 Nd7 16. exf5 Bxf5 17. Bd3 Qb6+ 18. Kh1 Qd4 19. Bxf5 Rxf5 20. Ne2 Qc5 21. Qe4 e5 22. Be3 Qa3 23. Qxc6 Rf7 24. Qd5 Nf6 25. Qd2 Rbf8 26. fxe5 dxe5 27. Nc3 Ne4 28. Nxe4 Rxf1+ 29. Rxf1 Rxf1+ 30. Kh2 Rf8 31. Bc5 Qa6 32. Bxf8 Bxf8 33. Qd5+ Kg7 34. c5 Qc8 35. Qxe5+ Kg8 36. Qd5+ Kh8 37. c6 Qc7+ 38. Kh1 a5 39. Qe6 Qb8 40. Nf6 Qc7 41. Qg8# 1-0